Community cohesion and housing (Record no. 107936)

MARC details
000 -LEADER
fixed length control field 01684cam a22002655a 4500
001 - CONTROL NUMBER
control field L142682
008 - FIXED-LENGTH DATA ELEMENTS--GENERAL INFORMATION
fixed length control field 080228s2007 xxk f 000 0 eng d
020 ## - INTERNATIONAL STANDARD BOOK NUMBER
International Standard Book Number 9781905018611
035 ## - SYSTEM CONTROL NUMBER
System control number (Sirsi) u142682
041 0# - LANGUAGE CODE
Language code of text/sound track or separate title eng
050 04 - LIBRARY OF CONGRESS CALL NUMBER
Classification number 306.76 $2 18
100 1# - MAIN ENTRY--PERSONAL NAME
Personal name Perry, John
245 00 - TITLE STATEMENT
Title Community cohesion and housing
Remainder of title a good practice guide
260 ## - PUBLICATION, DISTRIBUTION, ETC.
Place of publication, distribution, etc. Coventry
Name of publisher, distributor, etc. CIH
Date of publication, distribution, etc. 2007
300 ## - PHYSICAL DESCRIPTION
Extent 176p.
Dimensions 23cm.
350 ## - PRICE (NR) (BK AM CF MU VM SE) [OBSOLETE]
Price 28
505 2# - FORMATTED CONTENTS NOTE
Formatted contents note Introduction -- The big picture: community cohesion and housing organisations -- The changing face of neighbourhoods -- Creating strong and positive relationships with neighbourhoods -- Creating more mixed neighbourhoods -- Investing for cohesive neighbourhoods -- Community cohesion and housing strategies -- Roles, responsibilities and partnerships -- Appendix 1 -- Appendix 2 -- Sources of information
520 ## - SUMMARY, ETC.
Summary, etc. Aims to help housing associations, housing professionals and the residents they work with to build more cohesive communities. Reflects the recommendations of the Independent Commission on Integration and Cohesion, which reported in June 2007. Gives advice to housing professionals. Outlines the principles which should be followed in both existing communities and new developments to promote community cohesion. Focuses on the diversity of British towns and cities and the issues that arise. Aimed at all organisations involved in housing and those involved in housing-led regeneration or new development schemes.
521 20 - TARGET AUDIENCE NOTE
Target audience note Advanced
590 ## - LOCAL NOTE (RLIN)
Local note KA
651 #4 - SUBJECT ADDED ENTRY--GEOGRAPHIC NAME
Geographic name United Kingdom
Chronological subdivision
690 ## - LOCAL SUBJECT ADDED ENTRY--TOPICAL TERM (OCLC, RLIN)
Topical term or geographic name as entry element PROPERTY-RESIDENTIAL PROPERTY-DOMESTIC RESIDENTIAL PROPERTY-HOUSING
700 1# - ADDED ENTRY--PERSONAL NAME
Personal name Blackaby, Bob
942 ## - ADDED ENTRY ELEMENTS (KOHA)
Suppress in OPAC 0
Holdings
Withdrawn status Lost status Source of classification or shelving scheme Damaged status Not for loan Home library Current library Shelving location Date acquired Total Checkouts Full call number Barcode Date last seen Copy number Price effective from Koha item type
    Dewey Decimal Classification     London London Books 28/02/2008   306.76 PER 30074321 06/08/2019 1 06/08/2019 Book